Cuentos de lugares encantados / (Registro nro. 7305)
[ vista simple ]
| 000 -LIDER | |
|---|---|
| fixed length control field | 00869nam a2200277 a 4500 |
| 001 - NÚMERO DE CONTROL | |
| Identificador de número de control | 000045012 |
| 003 - IDENTIFICACDOR DE NÚMERO DE CONTROL | |
| control field | DO-SdBNP |
| 005 - DATE AND TIME OF LATEST TRANSACTION | |
| control field | 20231128102637.0 |
| 007 - CAMPOS FIJOS DE DESCRIPCIÓN FÍSICA | |
| fixed length control field | 000045012 |
| 008 - ELEMENTOS DE LONGITUD FIJA | |
| fixed length control field | 150129s2008 dr a 000 0 spa d |
| 040 ## - FUENTE DE CATALOGACIÓN | |
| Agencia que crea de manera original el registro | BPMSU |
| Idioma de catalogación | spa |
| Agencia que realiza la transcripción | BPMSU |
| 050 ## - NÚMERO DE CLASIFICACIÓN BIBLIOTECA DEL CONGRESO | |
| Classification number | |
| 082 #4 - NÚMERO DE CLASIFICACIÓN DECIMAL DE DEWEY | |
| Classification number | A863.08 |
| Item number | C965l 2008 |
| Edition number | 22 |
| 092 ## - LOCALLY ASSIGNED DEWEY DECIMAL CALL NUMBER | |
| Número de ítem (Cutter) | |
| 245 00 - MENCIÓN DE TITULO | |
| Título | Cuentos de lugares encantados / |
| Mención de responsabilidad | coordinador Andrés Bello ; dirección y edición, Mercedes Gajú. |
| 260 ## - PUBLICACIÓN, DISTRIBUCIÓN, ETC. (PIE DE IMPRENTA) | |
| Lugar de publicación, distribución, etc | Santo Domingo : |
| Nombre del editor, distribuidor, etc. | Editora Taller, |
| -- | Coedición latinoaméricana, |
| Fecha de publicación, distribución, etc | 2008. |
| 300 ## - DESCRIPCIÓN FÍSICA | |
| Extensión | 120 p. : |
| Otros detalles físicos | il. ; |
| Dimensiones | 22 cm. |
| 490 0# - MENCIÓN DE SERIES | |
| Mención de serie | Coedición Latinoamericana |
| 500 ## - NOTA GENERAL | |
| Nota general | |
| 590 ## - NOTA LOCAL | |
| Texto de la nota local | Inventariado, 2023/VM |
| 650 #4 - ENCABEZAMIENTO DE MATERIA--TEMÁTICO | |
| Término temático o nombre geográfico como elemento de entrada | Cuentos infantiles latinoamericanos |
| Subdivisión de forma | Colecciones |
| 700 1# - ASIENTO SECUNDARIO -- NOMBRE PERSONAL | |
| Nombre personal | Gajú, Mercedes, |
| Mención de responsabilidad | ed. |
| 700 1# - ASIENTO SECUNDARIO -- NOMBRE PERSONAL | |
| Nombre personal | Bello, Andrés |
| Mención de responsabilidad | coor. |
| 910 ## - VALIDACIÓN | |
| Validación | VMateo V. Control de calidad. BPMSU |
| 942 ## - ADDED ENTRY ELEMENTS (KOHA) | |
| Source of classification or shelving scheme | Dewey Decimal Classification |
| Koha item type | Libros |
| Withdrawn status | Lost status | Source of classification or shelving scheme | Damaged status | Not for loan | Collection code | Home library | Current library | Date acquired | Source of acquisition | Total Checkouts | Full call number | Barcode | Date last seen | Copy number | Price effective from | Koha item type |
|---|---|---|---|---|---|---|---|---|---|---|---|---|---|---|---|---|
| Dewey Decimal Classification | Colección Infantil Dominicana | Biblioteca Pública Metropolitana Salomé Ureña | Biblioteca Pública Metropolitana Salomé Ureña | 02/03/2015 | BPMSU CDI A863.08 C965l 2008 | BPMSU15040971 | 02/03/2015 | e.2 | 02/03/2015 | Libros | ||||||
| Dewey Decimal Classification | Colección Infantil Dominicana | Biblioteca Pública Metropolitana Salomé Ureña | Biblioteca Pública Metropolitana Salomé Ureña | 02/03/2015 | BPMSU CDI A863.08 C965L 2008 | BPMSU15040972 | 02/03/2015 | 02/03/2015 | Libros | |||||||
| Dewey Decimal Classification | Colección Infantil Dominicana | Biblioteca Pública Metropolitana Salomé Ureña | Biblioteca Pública Metropolitana Salomé Ureña | 03/15/2018 | BPMSU CDI A863.08 C965e 1989 | BPMSU18030067 | 03/15/2018 | e. 3 | 03/15/2018 | Libros |